| 000 | 00589nam a2200193 i 4500 | ||
|---|---|---|---|
| 001 | 129524 | ||
| 003 | ES-MaACL | ||
| 005 | 20250723061839.0 | ||
| 007 | t| | ||
| 008 | 070625s1913 fr ||||1| fre d | ||
| 245 | 0 | 0 |
_aTextes de droit romain / _cpubliés et annotés par Paul Fréderic Girad. |
| 250 | _a4ª ed. rev. y aum. | ||
| 260 |
_aParís : _b[J. Thevenot], _c1913. |
||
| 300 |
_aXXIV, 92 p. ; _c19 cm. |
||
| 650 | 0 | 7 |
_aDerecho romano _2embne _911764 |
| 700 | 1 |
_aGirard, Paul Frédéric ( _d1852-1926) _957224 |
|
| 852 |
_aES-MaACL _jB-6433 |
||
| 999 |
_c129524 _d129524 |
||